000 00654cam a2200181 4500
001 WB3714-50
008 000000n2001 000 0 eng u
035 _a(Sirsi) u111875
245 _aProposed GM maize trial sites
260 _c2001
490 _aDETR Press Release
_v(209) 3 April 2001, (2)
520 _aGovernment has identified sites in England and Wales where maize is due to be planted this spring in the government programme of Farm-Scale Evaluations (FSEs) of GM crops. Map references.
590 _aWB
650 _aGENETICALLY MODIFIED CROPS
650 _aGOVERNMENT POLICY
690 _aRURAL-AGRICULTURE AND FORESTRY
942 _n0
999 _c66673
_d66673